Score 0/17 Timer 02:00
0 Plays Today
Clue 4-Letter Word % Correct
Italian capitalROME
92.8%
Get up from bedRISE
91.3%
The head of a collegeDEAN
90.6%
'The ___ of the Ancient Mariner'RIME
85.1%
What a hog eatsSLOP
84%
First sound from Alka-SeltzerPLOP
82.1%
A deck on a shipPOOP
80.1%
Actors Laura or BruceDERN
74.2%
Like Algernon (and eventually Charlie), at the end of 'Flowers for Algernon'DEAD
71%
Clue 4-Letter Word % Correct
A good to be soldWARE
70%
A fleshy fruitPOME
68.9%
Partner of circumstancePOMP
68.7%
Needed for completing a circuitWIRE
68.6%
Tell of impending doomWARN
67.9%
Relative of 'Rats' and 'Egad'DARN
67.8%
Like Charlie, in the middle of 'Flowers for Algernon'WISE
64.3%
Like Charlie, at the start of 'Flowers for Algernon'SLOW
59.1%

Today's Daily Dose

Remove Ads.
Support Sporcle.
Get the best of Sporcle when you Go Orange. This ad-free experience offers more features, more stats, and more fun while also helping to support Sporcle. Thank you for becoming a member.

You're not logged in!

Compare scores with friends on all Sporcle quizzes.
OR
Log In

Show Comments

Extras

Top Quizzes Today


Score Distribution

Your Account Isn't Verified!

In order to create a playlist on Sporcle, you need to verify the email address you used during registration. Go to your Sporcle Settings to finish the process.

Report this User

Report this user for behavior that violates our Community Guidelines.

Details: